| 000 -LEADER |
| fixed length control field |
01482 a2200289 4500 |
| 003 - CONTROL NUMBER IDENTIFIER |
| control field |
Nust |
| 005 - DATE AND TIME OF LATEST TRANSACTION |
| control field |
20221024132144.0 |
| 010 ## - LIBRARY OF CONGRESS CONTROL NUMBER |
| LC control number |
2004103117 |
| 020 ## - INTERNATIONAL STANDARD BOOK NUMBER |
| International Standard Book Number |
3540210962 (pbk. : alk. paper) |
| 035 ## - SYSTEM CONTROL NUMBER |
| System control number |
(DLC) 2004103117 |
| 040 ## - CATALOGING SOURCE |
| Transcribing agency |
Nust |
| 082 ## - DEWEY DECIMAL CLASSIFICATION NUMBER |
| Classification number |
621,NAK |
| 100 1# - MAIN ENTRY--PERSONAL NAME |
| Personal name |
Nakamura, M. |
| 9 (RLIN) |
101250 |
| 245 10 - TITLE STATEMENT |
| Title |
Mechatronic servo system control : |
| Remainder of title |
problems in industries and their theoretical solutions / |
| Statement of responsibility, etc. |
M. Nakamura, S. Goto, N. Kyura ; translated by Tao Zhang. |
| 260 ## - PUBLICATION, DISTRIBUTION, ETC. |
| Place of publication, distribution, etc. |
Berlin ; |
| -- |
New York : |
| Name of publisher, distributor, etc. |
Springer, |
| Date of publication, distribution, etc. |
c2004. |
| 300 ## - PHYSICAL DESCRIPTION |
| Extent |
xvi, 196 p. : |
| Other physical details |
ill. ; |
| Dimensions |
24 cm. |
| 440 #0 - SERIES STATEMENT/ADDED ENTRY--TITLE |
| Title |
Lecture notes in control and information sciences ; |
| Volume/sequential designation |
300 |
| 505 ## - FORMATTED CONTENTS NOTE |
| Formatted contents note |
Outline of Mechatronic Servo Systems (Page-1), Mathematical Model Construction of a Mechatronic Servo Systems (Page-17), Discrete Time Interval of a Mechatronic Servo Systems (Page-53), Quantization Error of A Mechatronic Servo Systems (Page-79), Torque Saturation of a Mechatronic Servo Systems (Page-97), The Midfield Thought Data Methods (Page-121), Master Slave Synchronous Positioning Control (Page-149). |
| 650 #0 - SUBJECT ADDED ENTRY--TOPICAL TERM |
| Topical term or geographic name entry element |
Manufacturing processes |
| General subdivision |
Automation. |
| 650 #0 - SUBJECT ADDED ENTRY--TOPICAL TERM |
| Topical term or geographic name entry element |
Mechatronics. |
| 650 #0 - SUBJECT ADDED ENTRY--TOPICAL TERM |
| Topical term or geographic name entry element |
Servomechanisms. |
| 700 1# - ADDED ENTRY--PERSONAL NAME |
| Personal name |
Got寬 S. |
| 9 (RLIN) |
101251 |
| 700 1# - ADDED ENTRY--PERSONAL NAME |
| Personal name |
Ky嵲a, N. |
| 9 (RLIN) |
101252 |
| 856 42 - ELECTRONIC LOCATION AND ACCESS |
| Materials specified |
Publisher description |
| Uniform Resource Identifier |
<a href="http://www.loc.gov/catdir/enhancements/fy0813/2004103117-d.html">http://www.loc.gov/catdir/enhancements/fy0813/2004103117-d.html</a> |
| 856 42 - ELECTRONIC LOCATION AND ACCESS |
| Materials specified |
Table of contents only |
| Uniform Resource Identifier |
<a href="http://www.loc.gov/catdir/enhancements/fy0813/2004103117-t.html">http://www.loc.gov/catdir/enhancements/fy0813/2004103117-t.html</a> |
| 942 ## - ADDED ENTRY ELEMENTS (KOHA) |
| Source of classification or shelving scheme |
|
| Koha item type |
Book |